00478nam a2200121Ia 45000010005000000080041000050820029000461000044000752450171001192600024002909010027003149990015003412855241024s9999 xx 000 0 und d aRD/510/R426d/IDEICE/2012 aRepública Dominicana.MINERD/CECC/SICA 0aDominio de los contenidos matemáticos por parte del docente como factor de éxito o fracaso escolar en el Primer Ciclo del Nivel Básico en República Dominicana bSanto Domingoc2012 a8/4/2013 10:20:22 a.m. c8195d8195